000 00475nam a2200169Ia 4500
999 _c872
_d872
003 OSt
005 20210908130129.0
008 190216s9999||||xx |||||||||||||| ||und||
040 _coclc
082 _a892.7
_bZAY/T
100 _aZayat, Ahmed Hasen
_98687
245 0 _aThareekhul Adabul Arabi /
_cAhmed Hasen Zayat
260 _bHihad Book Depot,
_c2012.
_aDeoband:
300 _a407p
650 _aArabic
942 _cBK
_2ddc
_h892.7
_iZAY/T
_k892.7
_mZAY/T